000 00310nam a22001337a 4500
020 _a978-0-143-33246-6
082 _a823
_bBON/G
100 _aBOND, RUSKIN
245 _aGETTING GRANNY'S GLASSES
260 _aGURGAON
_bPUFFIN BOOKS
_c2019
300 _a43
650 _aCHILDRENS STORY BOOK
_zINDIA
942 _cBK
999 _c2795
_d2795